Vlaggen van Landen die beginnen met M - Statistieken

Algemene statistieken
  • Deze quiz is 2.304 keer genomen
  • De gemiddelde score is 14 van 18
Antwoordstatistieken
Foto Antwoord % Correct
Mexico
98%
Marokko
96%
Malta
90%
Maleisië
88%
Moldavië
88%
Montenegro
88%
Monaco
87%
Mali
82%
Mongolië
78%
Mozambique
78%
Myanmar
78%
Madagaskar
77%
Mauritanië
74%
Malawi
71%
Mauritius
70%
Micronesia
69%
Marshalleilanden
67%
Maldiven
64%
Geen overeenkomende quizzen gevonden
Scoreverdeling
Procent van Mensen met Elke Score
Percentiel versus Aantal Correcte Antwoorden
Uw Scoregeschiedenis
U heeft deze quiz nog niet genomen